Estatísticas para Times com melhor aproveitamento do Brasileirão - Série A (2003-2023)

Clique aqui para jogar o quiz

Estatísticas Gerais

  • Esse quiz foi jogado 50 vezes
  • A pontuação média é 27 de 30

Estatísticas das Respostas

#Aproveitamento (%)Time% Correto
1147,69Athletico Paranaense
100%
850,49Atlético Mineiro
100%
1444,59Botafogo
100%
551,58Corinthians
100%
352,28Flamengo
100%
1048,04Fluminense
100%
651,17Grêmio
100%
452,09Internacional
100%
253,45Palmeiras
100%
950,41Santos
100%
153,95São Paulo
100%
2239,87Sport
100%
1643,10Vasco
100%
750,99Cruzeiro
98%
2539,28Bahia
94%
2140,56Coritiba
94%
1742,51Fortaleza
94%
2638,60Ceará
91%
2439,39Vitória
91%
1543,45Goiás
89%
2738,58Juventude
89%
2040,64Cuiabá
85%
1247,15Red Bull Bragantino
85%
2339,87Ponte Preta
77%
1841,86Figueirense
72%
3037,69Guarani
72%
1940,86Paraná
68%
1345,74São Caetano
64%
2938,30Portuguesa
51%
2838,31Paysandu
45%

Distribuição das Pontuações

Percentil de Números Respondidos

Porcentagem de Pessoas com Cada Pontuação

Sua Pontuação Histórica

Você não jogou esse quiz